Life Salb and tilt up wall panel for medum height (Record no. 551281)
[ view plain ]
| 000 -LEADER | |
|---|---|
| fixed length control field | 00356nam a22001337a 4500 |
| 082 ## - DEWEY DECIMAL CLASSIFICATION NUMBER | |
| Classification number | P-449 A |
| 100 ## - MAIN ENTRY--PERSONAL NAME | |
| Personal name | SGt M Zeeshan |
| 9 (RLIN) | 48253 |
| 245 ## - TITLE STATEMENT | |
| Title | Life Salb and tilt up wall panel for medum height |
| Statement of responsibility, etc. | SGt M Zeeshan, Shahmir Janjua |
| 260 ## - PUBLICATION, DISTRIBUTION, ETC. | |
| Place of publication, distribution, etc. | Risalpur |
| Name of publisher, distributor, etc. | MCE |
| Date of publication, distribution, etc. | 2010 |
| 300 ## - PHYSICAL DESCRIPTION | |
| Extent | 113 P.: |
| 526 ## - STUDY PROGRAM INFORMATION NOTE | |
| Program name | 0 |
| Interest level | 0 |
| Reading level | 0 |
| Title point value | P_449_A |
| 650 ## - SUBJECT ADDED ENTRY--TOPICAL TERM | |
| Topical term or geographic name entry element | Project |
| 942 ## - ADDED ENTRY ELEMENTS (KOHA) | |
| Source of classification or shelving scheme | |
| Koha item type | Book |
| Withdrawn status | Lost status | Source of classification or shelving scheme | Damaged status | Not for loan | Permanent Location | Current Location | Date acquired | Total Checkouts | Full call number | Barcode | Date last seen | Price effective from | Koha item type | Public note |
|---|---|---|---|---|---|---|---|---|---|---|---|---|---|---|
| Military College of Engineering (MCE) | Military College of Engineering (MCE) | 12/05/2014 | P-449 A | MCE-P-449(A) | 12/05/2014 | 03/14/2021 | Book | Project |
